مكتبة جامعة عجلون الوطنية

فهرس بحث المكتبة

التحديات القانونية للفساد والتنمية المستدامة : (دراسة مقارنة) = Legal Challenges of Corruption and Sustainable Development : (Comparative Study) (Record no. 33925)

MARC details
000 -LEADER
fixed length control field 00974nam a22001937a 4500
003 - CONTROL NUMBER IDENTIFIER
control field JO-AjAnu
005 - DATE AND TIME OF LATEST TRANSACTION
control field 20250714094155.0
008 - FIXED-LENGTH DATA ELEMENTS--GENERAL INFORMATION
fixed length control field 250713b jo ||||| |||| 00| 0 ara d
040 ## - CATALOGING SOURCE
Original cataloging agency ANU
Transcribing agency JO-AjAnu
041 ## - LANGUAGE CODE
Language code of original ARA
100 ## - MAIN ENTRY--PERSONAL NAME
Personal name العوذه، مساعد نزال مساعد
Relator term معد
9 (RLIN) 66561
245 ## - TITLE STATEMENT
Title التحديات القانونية للفساد والتنمية المستدامة : (دراسة مقارنة) = Legal Challenges of Corruption and Sustainable Development : (Comparative Study)
Statement of responsibility, etc. / إعداد مساعد نزال مساعد العوذه ؛ اشراف غالب الشمايلة
260 ## - PUBLICATION, DISTRIBUTION, ETC.
Date of publication, distribution, etc. 2025
300 ## - PHYSICAL DESCRIPTION
Extent 131 ورقة
500 ## - GENERAL NOTE
General note رسالة جامعية (رسالة ماجستير في القانون) - جامعة عجلون الوطنية (الاردن-عجلون) ، كلية الحقوق ، 2025
650 ## - SUBJECT ADDED ENTRY--TOPICAL TERM
Form subdivision الفساد-قانون-الأردن
700 ## - ADDED ENTRY--PERSONAL NAME
Personal name الشمايلة، غالب
Relator term مشرف
9 (RLIN) 66562
942 ## - ADDED ENTRY ELEMENTS (KOHA)
Source of classification or shelving scheme Library of Congress Classification
Koha item type Thesis
Suppress in OPAC No
Holdings
Withdrawn status Lost status Source of classification or shelving scheme Damaged status Not for loan Home library Current library Date acquired Total Checkouts Full call number Barcode Date last seen Price effective from Koha item type
    Library of Congress Classification     مكتبة جامعة عجلون الوطنية مكتبة جامعة عجلون الوطنية 13/07/2025   K5261.2025 A30293 13/07/2025 13/07/2025 Thesis
    Library of Congress Classification     مكتبة جامعة عجلون الوطنية مكتبة جامعة عجلون الوطنية 13/07/2025   K5261.2025 A30294 13/07/2025 13/07/2025 Thesis